| 000 | 01666 a2200241 4500 | ||
|---|---|---|---|
| 003 | Nust | ||
| 005 | 20221229123641.0 | ||
| 010 | _a 94002520 | ||
| 020 | _a0521453895 | ||
| 040 | _cNust | ||
| 082 | 0 | 0 | _a355.02,MAK |
| 245 | 0 | 4 |
_aThe Making of strategy : _brulers, states, and war / _cedited by Williamson Murray, MacGregor Knox, Alvin Bernstein. |
| 260 |
_aCambridge, England ; _aNew York : _bCambridge University Press, _c1994. |
||
| 300 |
_axiv, 680 p. : _bill. ; _c24 cm. |
||
| 505 | _aIntroduction on Strategy (Page-1), Athenian strategy in the Peloponnesian War (Page-24), The Strategy Of The warrior State (Page-56), Chinese strategy from the fourteenth to the seventeenth centuries (Page-85), The Making of strategy in Hbsburg Spain (Page-115), The Orgians of global Strategy (Page-151), A quest for Glossary (Page-178), To The Edge of Greatness (Page- 205), Strategic Uncertainties of a Nation (Page-242), The Weary Titan (Page-278), The Strategy of the Decisive Weight (Page-307), The road to Ideological War (Page-352), The Collapse of Empire (Page-393), The Strategy of Innocence (Page-428), The Illusion of Security (Page-466), Strategy for Class War (Page-498), The Evolution of Israeli Strategy (Page-534), Strategy in the Nuclear Age (Page-579), Conclusion (Page-614). | ||
| 650 | 0 |
_aStrategy _xCase studies. _948765 |
|
| 700 | 1 |
_aBernstein, Alvin H. _948766 |
|
| 700 | 1 |
_aKnox, MacGregor. _948767 |
|
| 700 | 1 | _aMurray, Williamson. | |
| 856 | 4 | 2 |
_3Publisher description _uhttp://www.loc.gov/catdir/description/cam026/94002520.html |
| 856 | 4 | 2 |
_3Table of contents _uhttp://www.loc.gov/catdir/toc/cam025/94002520.html |
| 942 |
_2ddc _cBK _k355.02,MAK |
||
| 999 |
_c185648 _d185648 |
||